000 00840cab a2200301 4500
001 ABS52958
008 090401t1995 xxu||||| |||| 00| 0 eng d
035 _a(Sirsi) u1096
041 _aeng
245 _aRent-free periods and valuation
260 _c1995
350 _a0
490 _aEstates Gazette
_v(9519) 13 May 1995, 143-144(2)
520 _aA Mainly for Students article considering rent-free periods and their application in rental valuation.
650 _aCOMMERCIAL LEASES
650 _aCORE RENTS
650 _aEQUIVALENT RENTS
650 _aHEADLINE RENTS
650 _aINDUCEMENTS
650 _aLEASE INCENTIVES
650 _aMARKET VALUES
650 _aRENT-FREE PERIODS
650 _aRENTAL VALUES
650 _aVALUATION ISSUES
690 _aRATING AND VALUATION
942 _n0
948 _c04/03/1997
999 _c601
_d601